[Event "San Cristobal op 5th"]
[Site "San Cristobal de La Laguna"]
[Date "2023.09.02"]
[Round "9"]
[White "Kurajica, Bojan"]
[Black "Medal Paves, Jose Maria"]
[Result "1-0"]
[WhiteElo "2474"]
[BlackElo "1971"]
[PlyCount "61"]
[EventDate "2023.08.26"]
[EventType "swiss"]
[EventRounds "9"]
[EventCountry "ESP"]
[SourceTitle "EXT 2024"]
[Source "ChessBase"]
[SourceDate "2023.10.10"]
[SourceVersion "1"]
[SourceVersionDate "2023.10.10"]
[SourceQuality "1"]

1. d4 Nf6 2. Nf3 e6 3. g3 d5 4. Bg2 h6 5. c4 Bd6 6. Nc3 0-0 7. c5 Be7 8. b4 b6 9. Bf4 a5 10. a3 axb4 11. axb4 Rxa1 12. Qxa1 bxc5 13. bxc5 Ba6 14. Qa5 c6 15. Bc7 Qc8 16. Bxb8 Qxb8 17. Qxa6 Qb4 18. Qd3 Ne4 19. Ne5 Qxc3+ 20. Qxc3 Nxc3 21. Nxc6 Bf6 22. Kd2 Nb5 23. e3 Ra8 24. Rb1 Ra2+ 25. Ke1 Na3 26. Rb8+ Kh7 27. Bf3 Nc2+ 28. Kd1 Na3 29. Ra8 g6 30. Ne5 Ra1+ 31. Ke2 1-0

[Event "San Cristobal op 5th"]
[Site "San Cristobal de La Laguna"]
[Date "2023.08.31"]
[Round "7"]
[White "Estremera Panos, Sergio"]
[Black "Medal Paves, Jose Maria"]
[Result "1-0"]
[WhiteElo "2270"]
[BlackElo "1971"]
[PlyCount "46"]
[EventDate "2023.08.26"]
[EventType "swiss"]
[EventRounds "9"]
[EventCountry "ESP"]
[SourceTitle "EXT 2024"]
[Source "ChessBase"]
[SourceDate "2023.10.10"]
[SourceVersion "1"]
[SourceVersionDate "2023.10.10"]
[SourceQuality "1"]

1. d4 Nf6 2. c4 e6 3. Nc3 Bb4 4. e3 0-0 5. Nf3 b6 6. Bd3 Bb7 7. Bd2 Bxc3 8. Bxc3 Ne4 9. Bxe4 Bxe4 10. d5 c5 11. Nd2 Bg6 12. h4 exd5 13. cxd5 Qe7 14. Qf3 d6 15. h5 Bd3 16. h6 f6 17. hxg7 Rf7 18. e4 Bxe4 19. Qxe4 Qxe4+ 20. Nxe4 Re7 21. f3 f5 22. 0-0-0 fxe4 23. Rxh7 Re8 1-0

[Event "Santa Cruz de Tenerife op 9th"]
[Site "Santa Cruz de Tenerife"]
[Date "2023.07.28"]
[Round "6"]
[White "Medal Paves, Jose Maria"]
[Black "Ballesteros Avila, Antonio"]
[Result "1/2-1/2"]
[WhiteElo "1971"]
[BlackElo "1978"]
[PlyCount "33"]
[EventDate "2023.07.17"]
[EventType "swiss"]
[EventRounds "9"]
[EventCountry "ESP"]
[SourceTitle "CBM 215 Extra"]
[Source "ChessBase"]
[SourceDate "2023.09.30"]
[SourceVersion "1"]
[SourceVersionDate "2023.09.30"]
[SourceQuality "1"]

1. e4 c5 2. Be2 d6 3. f4 Nc6 4. Nf3 g6 5. 0-0 Bg7 6. d3 e6 7. Qe1 Nd4 8. Bd1 Nxf3+ 9. Rxf3 Ne7 10. c3 0-0 11. Na3 d5 12. Bc2 Bd7 13. Rh3 f5 14. Be3 Rc8 15. Qf2 b6 16. Re1 Re8 17. e5 1/2-1/2

[Event "Santa Cruz de Tenerife op 9th"]
[Site "Santa Cruz de Tenerife"]
[Date "2023.07.26"]
[Round "5"]
[White "Aguirre Lorenzo, Luis Francisco"]
[Black "Medal Paves, Jose Maria"]
[Result "1/2-1/2"]
[WhiteElo "1839"]
[BlackElo "1971"]
[PlyCount "31"]
[EventDate "2023.07.17"]
[EventType "swiss"]
[EventRounds "9"]
[EventCountry "ESP"]
[SourceTitle "CBM 215 Extra"]
[Source "ChessBase"]
[SourceDate "2023.09.30"]
[SourceVersion "1"]
[SourceVersionDate "2023.09.30"]
[SourceQuality "1"]

1. d4 Nf6 2. c4 e6 3. Nc3 Bb4 4. e3 0-0 5. a3 Bxc3+ 6. bxc3 c5 7. Nf3 b6 8. Bd3 Bb7 9. 0-0 d6 10. Re1 Nbd7 11. e4 e5 12. Bg5 Re8 13. d5 Nf8 14. a4 a5 15. Rb1 Ra6 16. Nh4 1/2-1/2

[Event "Tenerife-chT Preferente"]
[Site "Tenerife"]
[Date "2023.05.13"]
[Round "13"]
[White "Abreu Suarez, Isauro"]
[Black "Medal Paves, Jose Maria"]
[Result "1/2-1/2"]
[WhiteElo "1981"]
[BlackElo "1947"]
[PlyCount "31"]
[EventDate "2023.01.14"]
[EventType "team-tourn"]
[EventRounds "14"]
[EventCountry "ESP"]
[SourceTitle "EXT 2024"]
[Source "ChessBase"]
[SourceDate "2023.10.10"]
[SourceVersion "1"]
[SourceVersionDate "2023.10.10"]
[SourceQuality "1"]
[WhiteTeam "Canarias 64"]
[BlackTeam "Rey Ahogado"]
[WhiteTeamCountry "ESP"]
[BlackTeamCountry "ESP"]

1. b3 c5 2. Bb2 Nc6 3. e3 e6 4. Nf3 a6 5. Be2 Nf6 6. 0-0 Be7 7. d4 0-0 8. c4 d5 9. Nbd2 b6 10. Rc1 dxc4 11. Nxc4 Bb7 12. a3 b5 13. Nce5 Nxe5 14. Nxe5 cxd4 15. exd4 Rc8 16. Rxc8 1/2-1/2

[Event "Tenerife-chT Preferente"]
[Site "Tenerife"]
[Date "2023.04.15"]
[Round "10.3"]
[White "Medal Paves, Jose Maria"]
[Black "Segura Marsa, Andres"]
[Result "1/2-1/2"]
[WhiteElo "1947"]
[BlackElo "1893"]
[PlyCount "93"]
[EventDate "2023.01.14"]
[EventType "team-tourn"]
[EventRounds "14"]
[EventCountry "ESP"]
[SourceTitle "EXT 2024"]
[Source "ChessBase"]
[SourceDate "2023.10.10"]
[SourceVersion "1"]
[SourceVersionDate "2023.10.10"]
[SourceQuality "1"]
[WhiteTeam "Rey Ahogado"]
[BlackTeam "Caissa Enroque"]
[WhiteTeamCountry "ESP"]
[BlackTeamCountry "ESP"]

1. e4 c5 2. Be2 Nc6 3. f4 d6 4. Nf3 e6 5. 0-0 g6 6. d3 Bg7 7. Qe1 Nge7 8. Kh1 Bd7 9. c3 0-0 10. Na3 a6 11. Nc2 Rc8 12. Bd2 b5 13. a3 a5 14. Rb1 Qb6 15. Qh4 f5 16. Ne3 e5 17. Nd5 Qd8 18. fxe5 Nxd5 19. Bg5 Qb6 20. exd5 Nxe5 21. Bh6 Rfe8 22. Ng5 Bf6 23. Qf2 Qd8 24. Nh3 Rc7 25. Bd2 Bc8 26. Rbe1 Rce7 27. Nf4 Bb7 28. d4 cxd4 29. Bxb5 dxc3 30. bxc3 Ng4 31. Qf3 Rxe1 32. Rxe1 Rxe1+ 33. Bxe1 Qc7 34. h3 Ne5 35. Qe2 Qc5 36. c4 Qxa3 37. Ne6 Qa1 38. Kh2 a4 39. Bb4 a3 40. Nf4 Qb2 41. Qe3 a2 42. Qa7 a1Q 43. Qb8+ Kg7 44. Ne6+ Kh6 45. Qf8+ Kh5 46. Nf4+ Kg5 47. Ne6+ 1/2-1/2

[Event "Tenerife-ch Seniors/Women"]
[Site "Santa Cruz de Tenerife"]
[Date "2023.03.24"]
[Round "6.3"]
[White "Martin Luis, Cesar"]
[Black "Medal Paves, Jose Maria"]
[Result "1/2-1/2"]
[WhiteElo "2037"]
[BlackElo "1969"]
[PlyCount "43"]
[EventDate "2023.03.13"]
[EventType "swiss"]
[EventRounds "9"]
[EventCountry "ESP"]
[SourceTitle "EXT 2024"]
[Source "ChessBase"]
[SourceDate "2023.10.10"]
[SourceVersion "1"]
[SourceVersionDate "2023.10.10"]
[SourceQuality "1"]

1. d4 Nf6 2. c4 e6 3. g3 d5 4. Bg2 h6 5. Nf3 Bd6 6. 0-0 0-0 7. b3 b6 8. Bb2 Bb7 9. cxd5 exd5 10. Nc3 a6 11. Rc1 Nbd7 12. Rc2 Re8 13. Qc1 Rc8 14. Ba3 Qe7 15. Bxd6 Qxd6 16. e3 c5 17. dxc5 Rxc5 18. Qb2 Rec8 19. Rfc1 Ne5 20. Nxe5 Qxe5 21. b4 R5c7 22. Qb3 1/2-1/2

[Event "Tenerife-ch Seniors/Women"]
[Site "Santa Cruz de Tenerife"]
[Date "2023.03.20"]
[Round "4.9"]
[White "Medal Paves, Jose Maria"]
[Black "Portero Rodriguez, Diego"]
[Result "1-0"]
[WhiteElo "1969"]
[BlackElo "1391"]
[PlyCount "85"]
[EventDate "2023.03.13"]
[EventType "swiss"]
[EventRounds "9"]
[EventCountry "ESP"]
[SourceTitle "EXT 2024"]
[Source "ChessBase"]
[SourceDate "2023.10.10"]
[SourceVersion "1"]
[SourceVersionDate "2023.10.10"]
[SourceQuality "1"]

1. e4 e5 2. Nf3 Nf6 3. Nxe5 d6 4. Nf3 Nxe4 5. Bd3 Nf6 6. 0-0 Be7 7. h3 0-0 8. c3 Be6 9. Bc2 Nc6 10. d4 d5 11. Re1 Re8 12. Nbd2 Bd6 13. Ne5 Ne7 14. g4 c5 15. dxc5 Bxc5 16. Nb3 Bb6 17. Nd4 Bd7 18. Bg5 Ng6 19. Bxf6 gxf6 20. Nxd7 Qxd7 21. Rxe8+ Rxe8 22. Ba4 Qd8 23. Bxe8 Qxe8 24. Qe2 Qxe2 25. Nxe2 Ne5 26. Rd1 Kf8 27. Rxd5 Ke7 28. Kg2 Ke6 29. Nf4+ Ke7 30. b3 Bc7 31. Rb5 b6 32. Nd5+ Kd6 33. Nxc7 Kxc7 34. f4 Nd3 35. Kg3 Nc5 36. Rb4 Kd6 37. Rd4+ Ke6 38. Kf3 f5 39. Rd8 fxg4+ 40. hxg4 Kf6 41. Rh8 Kg7 42. Ra8 a5 43. Rb8 1-0

[Event "Tenerife-chT Preferente"]
[Site "Tenerife"]
[Date "2023.01.28"]
[Round "3.2"]
[White "Medal Paves, Jose Maria"]
[Black "Perez Garcia, Jimena"]
[Result "1/2-1/2"]
[WhiteElo "1947"]
[BlackElo "1916"]
[PlyCount "111"]
[EventDate "2023.01.14"]
[EventType "team-tourn"]
[EventRounds "14"]
[EventCountry "ESP"]
[SourceTitle "EXT 2024"]
[Source "ChessBase"]
[SourceDate "2023.10.10"]
[SourceVersion "1"]
[SourceVersionDate "2023.10.10"]
[SourceQuality "1"]
[WhiteTeam "Rey Ahogado"]
[BlackTeam "Caissa Enroque"]
[WhiteTeamCountry "ESP"]
[BlackTeamCountry "ESP"]

1. d4 Nf6 2. c4 g6 3. Nc3 Bg7 4. e4 d6 5. Nge2 0-0 6. Ng3 c5 7. d5 e6 8. Be2 exd5 9. cxd5 Re8 10. 0-0 b6 11. a4 Na6 12. Bb5 Re7 13. Bg5 h6 14. Bf4 Nb4 15. Re1 a6 16. Bc4 Ne8 17. Qd2 Kh7 18. Re2 Rb8 19. Rae1 f6 20. h4 Bd7 21. h5 g5 22. Be3 Qc8 23. f4 b5 24. axb5 axb5 25. Bd3 Nxd3 26. Qxd3 Kh8 27. Rf2 b4 28. Nb1 c4 29. Qd2 g4 30. f5 Kh7 31. Rf4 Nc7 32. Rxg4 Be8 33. Bf4 Qa6 34. Rg6 Bxg6 35. hxg6+ Kg8 36. Bxh6 Ne8 37. Nh5 Qa7+ 38. Kf1 Rbb7 39. Bxg7 Rxg7 40. Nxg7 Kxg7 41. Qe2 Qd4 42. Qh5 Qd3+ 43. Kg1 Kg8 44. Qh6 c3 45. Qc1 Qd4+ 46. Kh2 Qe5+ 47. Kh1 Rc7 48. bxc3 bxc3 49. Qc2 Ng7 50. Re3 Nxf5 51. Re1 Ng3+ 52. Kg1 Qd4+ 53. Kh2 Qe5 54. Kg1 Qd4+ 55. Kh2 Qe5 56. Kg1 1/2-1/2

[Event "Tenerife-chT Preferente"]
[Site "Tenerife"]
[Date "2023.01.14"]
[Round "1.2"]
[White "Medal Paves, Jose Maria"]
[Black "Mendivil Anton, Daniel"]
[Result "0-1"]
[WhiteElo "1947"]
[BlackElo "2177"]
[PlyCount "35"]
[EventDate "2023.01.14"]
[EventType "team-tourn"]
[EventRounds "14"]
[EventCountry "ESP"]
[SourceTitle "EXT 2024"]
[Source "ChessBase"]
[SourceDate "2023.10.10"]
[SourceVersion "1"]
[SourceVersionDate "2023.10.10"]
[SourceQuality "1"]
[WhiteTeam "Rey Ahogado"]
[BlackTeam "Al Shah Mat Los Realejos"]
[WhiteTeamCountry "ESP"]
[BlackTeamCountry "ESP"]

1. Nf3 e6 2. g3 d5 3. Bg2 Nf6 4. d3 Be7 5. 0-0 0-0 6. Nc3 d4 7. Nb5 c5 8. a4 Nc6 9. Na3 e5 10. Nc4 Qc7 11. e3 Be6 12. exd4 cxd4 13. Re1 Bxc4 14. dxc4 Rad8 15. Ng5 Nb4 16. Bd2 h6 17. Ne4 Nxe4 18. Bxe4 0-1

[Event "Tenerife-chT Preferente"]
[Site "Tenerife"]
[Date "2021.10.02"]
[Round "13.3"]
[White "Guillermo Gonzalez, Alvaro"]
[Black "Medal Paves, Jose Maria"]
[Result "1-0"]
[WhiteElo "2156"]
[BlackElo "2000"]
[PlyCount "67"]
[EventDate "2021.02.27"]
[EventType "team-tourn"]
[EventRounds "14"]
[EventCountry "ESP"]
[SourceTitle "EXT 2023"]
[Source "ChessBase"]
[SourceDate "2022.10.05"]
[SourceVersion "1"]
[SourceVersionDate "2022.10.05"]
[SourceQuality "1"]
[WhiteTeam "Fundacion La Caja de Canarias"]
[BlackTeam "Rey Ahogado"]
[WhiteTeamCountry "ESP"]
[BlackTeamCountry "ESP"]

1. e4 e5 2. Nf3 Nc6 3. d4 exd4 4. Nxd4 Nf6 5. Nxc6 bxc6 6. e5 Qe7 7. Qe2 Nd5 8. c4 Ba6 9. b3 g6 10. f4 Bg7 11. Qf2 Nf6 12. Ba3 d6 13. Nc3 0-0 14. 0-0-0 Ne8 15. Bd3 f6 16. exd6 cxd6 17. f5 Qf7 18. Be4 Qc7 19. Qf3 Bb7 20. fxg6 f5 21. gxh7+ Kh8 22. Bc2 Rf7 23. Bb2 Rd8 24. Rhe1 d5 25. c5 Bc8 26. Ne2 Nf6 27. Nf4 Ne4 28. Bxg7+ Rxg7 29. Bxe4 fxe4 30. Qe3 Qe5 31. Rd4 Qe7 32. Qc3 Qh4 33. Rdxe4 Kxh7 34. Qxg7+ 1-0

[Event "Tenerife-chT Preferente 1920"]
[Site "Tenerife"]
[Date "2020.03.07"]
[Round "8.4"]
[White "Medal Paves, Jose Maria"]
[Black "Henriquez Garcia, David"]
[Result "1-0"]
[WhiteElo "1991"]
[BlackElo "1881"]
[PlyCount "31"]
[EventDate "2019.11.30"]
[EventType "team-tourn"]
[EventRounds "14"]
[EventCountry "ESP"]
[SourceTitle "CBM 195 Extra"]
[Source "ChessBase"]
[SourceDate "2020.05.31"]
[SourceVersion "1"]
[SourceVersionDate "2020.05.31"]
[SourceQuality "1"]
[WhiteTeam "Rey Ahogado"]
[BlackTeam "Laguna Cotelec"]
[WhiteTeamCountry "ESP"]
[BlackTeamCountry "ESP"]

1. e4 g6 2. d4 Bg7 3. Nf3 d6 4. Nc3 Nf6 5. h3 0-0 6. Bd3 b6 7. 0-0 Bb7 8. Re1 Nfd7 9. Bg5 c5 10. e5 f6 11. exd6 exd6 12. Bf4 cxd4 13. Nxd4 Nc5 14. Ncb5 Nxd3 15. Qxd3 Na6 16. Nxd6 1-0

[Event "Tenerife-chT Preferente 1920"]
[Site "Tenerife"]
[Date "2020.01.04"]
[Round "4.2"]
[White "Fernandez Garcia, Jose Luis"]
[Black "Medal Paves, Jose Maria"]
[Result "1/2-1/2"]
[WhiteElo "2404"]
[BlackElo "1991"]
[PlyCount "87"]
[EventDate "2019.11.30"]
[EventType "team-tourn"]
[EventRounds "14"]
[EventCountry "ESP"]
[SourceTitle "CBM 195 Extra"]
[Source "ChessBase"]
[SourceDate "2020.05.31"]
[SourceVersion "1"]
[SourceVersionDate "2020.05.31"]
[SourceQuality "1"]
[WhiteTeam "Fundacion La Caja de Canarias"]
[BlackTeam "Rey Ahogado"]
[WhiteTeamCountry "ESP"]
[BlackTeamCountry "ESP"]

1. e4 e5 2. Bc4 Nf6 3. d3 c6 4. Nf3 d5 5. Bb3 Bb4+ 6. Bd2 Bxd2+ 7. Qxd2 0-0 8. Nxe5 Qe7 9. f4 dxe4 10. d4 Nd5 11. 0-0 Nd7 12. c4 N5f6 13. Nc3 c5 14. Rae1 cxd4 15. Qxd4 Qc5 16. Rd1 Qxd4+ 17. Rxd4 Nc5 18. Bc2 Bf5 19. h3 h5 20. Nb5 Rad8 21. Nd6 g6 22. Rfd1 Ne6 23. Nxf5 gxf5 24. Rxd8 Nxd8 25. Kf2 Ne6 26. Ke3 h4 27. Nd7 Nxd7 28. Rxd7 Rb8 29. Rd5 Ng7 30. c5 Kf8 31. b4 Ke7 32. Bb3 Rc8 33. Ba4 Rc7 34. Kf2 Ke6 35. Rd6+ Ke7 36. Ke3 Ne6 37. Rd5 Kf6 38. Bd7 Ke7 39. Bb5 Kf6 40. Bd7 Ke7 41. Bb5 Kf6 42. Rd7 b6 43. Rxc7 Nxc7 44. Bc4 1/2-1/2

[Event "Tenerife-chT Preferente 1718"]
[Site "Tenerife"]
[Date "2018.03.03"]
[Round "11.4"]
[White "Medal Paves, Jose Maria"]
[Black "Henriquez Garcia, David"]
[Result "1-0"]
[WhiteElo "1862"]
[BlackElo "1914"]
[PlyCount "51"]
[EventDate "2017.11.11"]
[EventType "team-tourn"]
[EventRounds "14"]
[EventCountry "ESP"]
[SourceTitle "EXT 2019"]
[Source "ChessBase"]
[SourceDate "2018.10.10"]
[SourceVersion "1"]
[SourceVersionDate "2018.10.10"]
[SourceQuality "1"]
[WhiteTeam "Rey Ahogado"]
[BlackTeam "Laguna Cotelec"]
[WhiteTeamCountry "ESP"]
[BlackTeamCountry "ESP"]

1. e4 e6 2. d4 d5 3. Nc3 Nf6 4. e5 Nfd7 5. f4 c5 6. Nf3 Nc6 7. Be3 cxd4 8. Nxd4 Nxd4 9. Bxd4 Bc5 10. Qd2 Bxd4 11. Qxd4 Qb6 12. 0-0-0 Qxd4 13. Rxd4 0-0 14. Bb5 Nb8 15. Re1 Bd7 16. Bf1 Nc6 17. Rd2 Rac8 18. g3 Na5 19. Bh3 g6 20. Nxd5 exd5 21. Bxd7 Rc7 22. Rxd5 Nc4 23. e6 fxe6 24. Bxe6+ Kg7 25. Rd7+ Rxd7 26. Bxd7 1-0

[Event "Tenerife-chT Preferente 1617"]
[Site "Tenerife"]
[Date "2017.04.08"]
[Round "12.4"]
[White "Hernandez Leon, Sergio"]
[Black "Medal Paves, Jose Maria"]
[Result "1-0"]
[WhiteElo "2058"]
[BlackElo "1915"]
[PlyCount "53"]
[EventDate "2016.12.10"]
[EventType "team-tourn"]
[EventRounds "14"]
[EventCountry "ESP"]
[SourceTitle "EXT 2018"]
[Source "ChessBase"]
[SourceDate "2017.10.13"]
[SourceVersion "1"]
[SourceVersionDate "2017.10.13"]
[SourceQuality "1"]
[WhiteTeam "Casa de Venezuela Ebano"]
[BlackTeam "Rey Ahogado"]
[WhiteTeamCountry "ESP"]
[BlackTeamCountry "ESP"]

1. d4 Nf6 2. Nf3 g6 3. c4 Bg7 4. Nc3 d6 5. e4 0-0 6. Be2 e5 7. 0-0 Nc6 8. d5 Ne7 9. Ne1 Ne8 10. f3 f5 11. g4 Kh8 12. Nd3 Ng8 13. Be3 Bh6 14. Bf2 a5 15. c5 Bd7 16. a4 Rf7 17. Kg2 Bg5 18. b4 b6 19. cxb6 cxb6 20. bxa5 bxa5 21. f4 fxe4 22. Nxe5 dxe5 23. fxg5 Qxg5 24. Nxe4 Qe7 25. Bc5 Rxf1 26. Qxf1 Qg7 27. Bf8 1-0

[Event "Tenerife-chT Preferente 1617"]
[Site "Tenerife"]
[Date "2017.03.11"]
[Round "8.4"]
[White "Mendez Acosta, Alexander Jesus"]
[Black "Medal Paves, Jose Maria"]
[Result "0-1"]
[WhiteElo "1931"]
[BlackElo "1915"]
[PlyCount "38"]
[EventDate "2016.12.10"]
[EventType "team-tourn"]
[EventRounds "14"]
[EventCountry "ESP"]
[SourceTitle "EXT 2018"]
[Source "ChessBase"]
[SourceDate "2017.10.13"]
[SourceVersion "1"]
[SourceVersionDate "2017.10.13"]
[SourceQuality "1"]
[WhiteTeam "Al Shah Mat Los Realejos II"]
[BlackTeam "Rey Ahogado"]
[WhiteTeamCountry "ESP"]
[BlackTeamCountry "ESP"]

1. e4 e5 2. Nf3 Nc6 3. Bc4 Nf6 4. 0-0 Nxe4 5. Re1 d5 6. d4 exd4 7. Bxd5 Qxd5 8. Nc3 Qa5 9. Nxd4 Nxd4 10. Qxd4 f5 11. Bg5 Kf7 12. Nxe4 fxe4 13. Rxe4 Qxg5 14. h4 Qc5 15. Rf4+ Kg8 16. Qe4 Bd7 17. Rd1 Re8 18. Qf3 Bd6 19. Rfd4 Qxd4 0-1

[Event "Tenerife-chT Preferente"]
[Site "Tenerife"]
[Date "2015.04.25"]
[Round "10.4"]
[White "Perez Gutierrez, Nauzet"]
[Black "Medal Paves, Jose Maria"]
[Result "1-0"]
[WhiteElo "2044"]
[BlackElo "2093"]
[PlyCount "99"]
[EventDate "2015.01.24"]
[EventType "swiss"]
[EventRounds "14"]
[EventCountry "ESP"]
[SourceTitle "EXT 2024"]
[Source "ChessBase"]
[SourceDate "2023.10.10"]
[SourceVersion "1"]
[SourceVersionDate "2023.10.10"]
[SourceQuality "1"]
[WhiteTeam "El Sauzal Libreria Barco"]
[BlackTeam "Rey Ahogado"]
[WhiteTeamCountry "ESP"]
[BlackTeamCountry "ESP"]

1. e4 e5 2. Nf3 Nc6 3. Bb5 a6 4. Ba4 Nf6 5. 0-0 Be7 6. c3 b5 7. Bc2 0-0 8. Qe2 d5 9. d3 h6 10. a4 Bb7 11. axb5 axb5 12. Rxa8 Bxa8 13. Nbd2 Re8 14. Rd1 Bf8 15. Nf1 Qd7 16. Ng3 g6 17. Re1 Na5 18. Bd2 c5 19. exd5 Qxd5 20. c4 bxc4 21. Bxa5 cxd3 22. Bxd3 c4 23. Bxc4 Qxa5 24. Nxe5 Bd5 25. Bxd5 Nxd5 26. Qd1 Bb4 27. Re4 Nf6 28. Nc6 Qb6 29. Rxe8+ Nxe8 30. Nxb4 Qxb4 31. Qc1 Nd6 32. h3 Nc4 33. Qc3 Qb5 34. b3 Nd6 35. h4 h5 36. Qe3 Nb7 37. Ne4 Na5 38. Nd6 Qxb3 39. Qe8+ Kg7 40. Qe5+ Kg8 41. Nxf7 Kxf7 42. Qxa5 Qb1+ 43. Kh2 Qb8+ 44. g3 Qb7 45. Qe5 Qc6 46. Qf4+ Kg7 47. g4 hxg4 48. Qxg4 Qd5 49. Qg3 Kh6 50. Qe3+ 1-0

[Event "Tenerife-chT Preferente"]
[Site "Tenerife"]
[Date "2015.03.07"]
[Round "5.4"]
[White "Medal Paves, Jose Maria"]
[Black "Castilla Arteaga, Carlos David"]
[Result "1-0"]
[WhiteElo "2093"]
[BlackElo "1698"]
[PlyCount "81"]
[EventDate "2015.01.24"]
[EventType "swiss"]
[EventRounds "14"]
[EventCountry "ESP"]
[SourceTitle "EXT 2024"]
[Source "ChessBase"]
[SourceDate "2023.10.10"]
[SourceVersion "1"]
[SourceVersionDate "2023.10.10"]
[SourceQuality "1"]
[WhiteTeam "Rey Ahogado"]
[BlackTeam "La Gomera"]
[WhiteTeamCountry "ESP"]
[BlackTeamCountry "ESP"]

1. e4 c5 2. Nf3 Nc6 3. d4 cxd4 4. Nxd4 Nxd4 5. Qxd4 d6 6. Bc4 Nf6 7. Nc3 e5 8. Qd3 Be7 9. 0-0 Be6 10. Nd5 Nxd5 11. Bxd5 Bxd5 12. Qxd5 Qc7 13. Be3 0-0 14. c4 Qc6 15. Rfd1 Kh8 16. Rd3 Qa6 17. Ra3 Qc6 18. Rxa7 Qxd5 19. cxd5 Rxa7 20. Bxa7 Rc8 21. Be3 h6 22. Rc1 Rxc1+ 23. Bxc1 Kg8 24. Kf1 Kf8 25. Ke2 Ke8 26. Kd3 Kd7 27. Kc4 h5 28. a4 g6 29. Be3 f5 30. f3 f4 31. Bf2 g5 32. Kb5 Kc8 33. h3 Kb8 34. b4 Bd8 35. Bb6 Be7 36. a5 Bf6 37. a6 Be7 38. Ka5 Bf6 39. Bc7+ Ka7 40. axb7 Kxb7 41. Bxd6 1-0

[Event "Tenerife-chT Preferente"]
[Site "Tenerife"]
[Date "2015.02.07"]
[Round "3.4"]
[White "Medal Paves, Jose Maria"]
[Black "Korneev, Svyatoslav"]
[Result "1/2-1/2"]
[WhiteElo "2093"]
[BlackElo "2105"]
[PlyCount "64"]
[EventDate "2015.01.24"]
[EventType "swiss"]
[EventRounds "14"]
[EventCountry "ESP"]
[SourceTitle "EXT 2024"]
[Source "ChessBase"]
[SourceDate "2023.10.10"]
[SourceVersion "1"]
[SourceVersionDate "2023.10.10"]
[SourceQuality "1"]
[WhiteTeam "Rey Ahogado"]
[BlackTeam "El Sauzal Libreria Barco"]
[WhiteTeamCountry "ESP"]
[BlackTeamCountry "ESP"]

1. e4 e6 2. d4 d5 3. exd5 exd5 4. c4 Nc6 5. Nc3 Be6 6. Nf3 Bb4 7. c5 h6 8. Bd3 Nf6 9. 0-0 Bxc3 10. bxc3 0-0 11. Re1 Na5 12. Ne5 Nc4 13. f4 Nxe5 14. fxe5 Bg4 15. Qb3 Ne4 16. Bxe4 dxe4 17. Rxe4 Be6 18. Qd1 b6 19. cxb6 axb6 20. a3 Ra5 21. Qe1 c5 22. Qg3 Kh7 23. Rh4 cxd4 24. Bxh6 gxh6 25. Qf4 Qxh4 26. Qxh4 dxc3 27. Qe4+ Kg7 28. Qe3 Rc5 29. Qg3+ Kh7 30. Rc1 Rfc8 31. Qd3+ Kg7 32. Qg3+ Kh7 1/2-1/2